| 000 | 00777nam a2200217Ia 4500 | ||
|---|---|---|---|
| 003 | OSt | ||
| 005 | 20210421153715.0 | ||
| 008 | 210310s1996 ck gr 000 0 spa d | ||
| 040 |
_aCO-JMCR _cCO-JMCR |
||
| 041 | 0 | _aspa | |
| 082 | 0 | 4 |
_a330.001 / _bR741e _223 |
| 100 | 1 |
_aRojas Hurtado, Fernando, _915142 _eautor |
|
| 245 | 1 | 0 |
_aEconomía pública contemporánea : _breestructuración gradual e imperceptible de una disciplina / _cFernando Rojas Hurtado |
| 260 |
_aBogotá : _bESAP, _c1996 |
||
| 300 |
_b60 páginas ; _c24 cm. |
||
| 500 | _aIncluye notas a pie de página. | ||
| 505 | 0 | _aSustentación -- La manera de abordar la transición de la disciplina | |
| 650 | 1 | 4 |
_aEconomía pública _915144 _zColombia |
| 650 | 2 | 4 |
_aGastos públicos _zColombia _96959 |
| 942 |
_2ddc _cBK |
||
| 999 |
_c7682 _d7682 |
||